Statistics for 2809-智頭急行の駅

Click here to take the quiz!

General Stats

  • This quiz has been taken 50 times
  • The average score is 10 of 14

Answer Stats

本線% Correct
上郡
100%
智頭
100%
宮本武蔵
95%
佐用
93%
大原
91%
恋山形
91%
あわくら温泉
77%
河野原円心
72%
苔縄
65%
西粟倉
58%
平福
49%
石井
44%
山郷
42%
久崎
28%

Score Distribution

Percentile by Number Answered

Percent of People with Each Score

Your Score History

You have not taken this quiz